00638nam a2200181 a 450000100100000000500170001000800410002704000250006808200150009310000310010824500520013926000790019130000200027050400270029004900090031795201130032699900170043900002577820200930024037.0110222s1983 dr 000 0 spa d aDO-SdBNPbspacBNPHU axxxbB496r1 aBergés, Frederich95257714aLas relaciones bancarias /cFrederich Bergés. aSanto Domingo :bCentro de Estudios Monetarios y Bancarios (CEMYB),c1983. a87 P. ;c23 cm. aBibliografía : p. 87 aBNPD 0010718PDaPDbPDcCTd2011-02-22iLF1l0oxxx B496rp25778-10r2020-06-25w2020-06-25yLFPDZNo se presta c25270d25270